|
|
|
|
| LEADER |
01470nam a22003371a 4500 |
| 001 |
000035573 |
| 003 |
11860 |
| 005 |
20230309160423.0 |
| 008 |
160127s2015 000 eng |
| 040 |
|
|
|a LNN
|
| 041 |
|
|
|a eng
|
| 082 |
|
|
|a 420.659
|b NG-C
|
| 100 |
|
|
|a Ngô Thị Thanh Châu
|
| 245 |
|
3 |
|a An investigation into teaching “Communication and Culture” section in the pilot English textbook “Tieng Anh 10” at some upper secondary schools in Danang /
|c Ngô Thị Thanh Châu.
|
| 260 |
|
|
|c 2015.
|
| 300 |
|
|
|a 64tr . : mh ; 30cm.
|
| 650 |
|
|
|a Ngô Thị Thanh Châu, An investigation into teaching “Communication and Culture” section in the pilot English textbook “Tieng Anh 10” at some upper secondary schools in Danang, Communication and Culture, Tieng Anh 10, upper secondary schools
|
| 852 |
|
|
|b P.Doc
|c Luận văn sinh viên
|
| OWN |
|
|
|a LNN
|
| AVA |
|
|
|a UDN50
|b LNN
|c English
|d 420.659 NG-C
|e available
|t Error 5001 Not defined in file expand_doc_bib_avail.
|f 1
|g 0
|h N
|i 0
|j AN
|k 1
|
| 999 |
|
|
|a From the UDN01
|
| AVA |
|
|
|a UDN50
|b LNN
|c English
|d 420.659 NG-C
|e available
|t Error 5001 Not defined in file expand_doc_bib_avail.
|f 1
|g 0
|h N
|i 0
|j AN
|k 1
|
| TYP |
|
|
|a Monograph
|
| TYP |
|
|
|a Printed language
|
| 980 |
|
|
|a Mạng thư viện Đại học Đà Nẵng
|